[Event "Rated Blitz tournament eKD9UyMl"]
[Site "?"]
[Date "2021.06.06"]
[Round "?"]
[White "Milinanana"]
[Black "CristianS27"]
[Result "0-1"]
[WhiteElo "2206"]
[BlackElo "2471"]
[PlyCount "60"]
[EventDate "2021.??.??"]
[EventType "blitz"]

1. e4 e5 2. Nf3 d5 3. exd5 e4 4. Qe2 Nf6 5. Nc3 Be7 6. Nxe4 O-O 7. d3 Nxd5 8.
Bd2 Re8 9. O-O-O f5 10. Nc3 Nxc3 11. Bxc3 Bg5+ 12. Nxg5 Rxe2 13. Bxe2 Qxg5+ 14.
Kb1 Be6 15. h4 Qd8 16. h5 h6 17. Rhg1 Nc6 18. g4 f4 19. Bf3 Bd5 20. Be4 Bxe4
21. dxe4 Qe7 22. g5 hxg5 23. Rd5 Rd8 24. b3 Rxd5 25. exd5 Nb8 26. Re1 Qf7 27.
h6 gxh6 28. Re6 Kh7 29. Rf6 Qxd5 30. Kb2 Nd7 {Normal} 0-1

[Event "Rated Blitz tournament bc0jPoB1"]
[Site "?"]
[Date "2021.06.06"]
[Round "?"]
[White "Borgov84"]
[Black "dr_xStranger"]
[Result "0-1"]
[WhiteElo "2307"]
[BlackElo "2540"]
[PlyCount "96"]
[EventDate "2021.??.??"]
[EventType "blitz"]

1. e4 e5 2. Nf3 d5 3. exd5 e4 4. Qe2 Nf6 5. d3 Bb4+ 6. c3 O-O 7. dxe4 Bc5 8.
Bg5 Re8 9. Bxf6 Qxf6 10. Nbd2 c6 11. Qc4 Bb6 12. Bd3 cxd5 13. Qxd5 Nc6 14. O-O
Rd8 15. Qb5 Be6 16. Bc4 Bg4 17. Qg5 Qxg5 18. Nxg5 Rxd2 19. Bxf7+ Kf8 20. Bd5 h6
21. h3 hxg5 22. hxg4 Ne5 23. Rad1 Rxd1 24. Rxd1 Nxg4 25. Rd2 Nxf2 26. Rxf2+
Bxf2+ 27. Kxf2 Ke7 28. Ke3 Kd6 29. Kd4 Re8 30. c4 b6 31. b4 Rc8 32. e5+ Ke7 33.
c5 bxc5+ 34. bxc5 Kd7 35. c6+ Kc7 36. Kc5 Rb8 37. e6 Rb1 38. Kd4 Kd6 39. Bf3
Kxe6 40. Kc5 Rc1+ 41. Kb4 Kd6 42. Ka5 Kc7 43. a4 Rc4 44. Kb5 Rf4 45. Ka6 Rxa4+
46. Kb5 Rf4 47. Ka6 g4 48. Bd5 Rd4 {Normal} 0-1

[Event "Rated Blitz tournament oGBDrzdu"]
[Site "?"]
[Date "2021.06.06"]
[Round "?"]
[White "CarlosDaniel31"]
[Black "vovaches"]
[Result "0-1"]
[WhiteElo "2231"]
[BlackElo "2543"]
[PlyCount "50"]
[EventDate "2021.??.??"]
[EventType "blitz"]

1. e4 e5 2. Nf3 d5 3. exd5 e4 4. Nd4 Qxd5 5. Nb3 Qe5 6. Nc3 Nf6 7. Bc4 Bd6 8.
Qe2 O-O 9. d4 Qf5 10. h3 Nc6 11. Be3 a6 12. a4 Bd7 13. O-O Qg6 14. Kh1 Rfe8 15.
Nd5 Ng4 16. Bf4 Bxf4 17. Nxf4 Qh6 18. Nd5 Be6 19. Nxc7 Bxc4 20. Qxc4 Qd6 21.
hxg4 Qxc7 22. Nc5 Rad8 23. Rad1 Rd6 24. Qe2 Rh6+ 25. Kg1 Qh2# {Normal} 0-1

[Event "Rated Blitz tournament eGkwZ5gt"]
[Site "?"]
[Date "2021.06.06"]
[Round "?"]
[White "ChessFreakRico"]
[Black "Maltinho"]
[Result "1/2-1/2"]
[WhiteElo "2319"]
[BlackElo "2520"]
[PlyCount "196"]
[EventDate "2021.??.??"]
[EventType "blitz"]

1. e4 e5 2. Nf3 d5 3. exd5 Bd6 4. d4 e4 5. Ne5 Nf6 6. Bb5+ c6 7. dxc6 bxc6 8.
Nxc6 Qb6 9. Nc3 Nxc6 10. d5 O-O 11. Bxc6 Bg4 12. Be3 Qxb2 13. Na4 Qe5 14. Qd4
Qh5 15. Bxa8 Be5 16. Qd2 Bxa1 17. Bc6 Be5 18. Nc5 Rb8 19. Nb3 a5 20. a4 Rb4 21.
d6 Rc4 22. Nxa5 Bc3 23. Nxc4 Bxd2+ 24. Nxd2 Qe5 25. O-O Qxd6 26. Bxe4 Nxe4 27.
Nxe4 Qb4 28. Ng3 Qxa4 29. c3 Be6 30. h3 h6 31. Rc1 Qc4 32. Bd4 Bd7 33. Nf1 Kh7
34. Ne3 Qe6 35. Rf1 Bc6 36. Ra1 f5 37. Ra7 Bd7 38. g3 Kg8 39. h4 g6 40. Ra8+
Kf7 41. Ra7 Ke8 42. Ra8+ Kf7 43. Ra7 g5 44. hxg5 hxg5 45. c4 f4 46. gxf4 gxf4
47. Nd5 Qg4+ 48. Kf1 Kg6 49. Ra6+ Kf7 50. Rf6+ Ke8 51. Rxf4 Qh3+ 52. Ke2 Bg4+
53. Rxg4 Qxg4+ 54. Ke3 Qh3+ 55. f3 Qh1 56. f4 Qg1+ 57. Ke4 Qe1+ 58. Ne3 Qe2 59.
c5 Kd7 60. f5 Kc6 61. f6 Qf2 62. f7 Qxf7 63. Ke5 Qe7+ 64. Kf4 Qc7+ 65. Ke4 Qd8
66. Kd3 Qe8 67. Kc4 Qg6 68. Kc3 Qf7 69. Ng4 Qh7 70. Ne5+ Kd5 71. Nd3 Qh3 72. c6
Ke4 73. Kc4 Qxd3+ 74. Kc5 Qxd4+ 75. Kb5 Qa7 76. c7 Qxc7 77. Kb4 Kd5 78. Kb3 Qc5
79. Kb2 Qc4 80. Kb1 Qd4 81. Ka2 Ke4 82. Kb3 Qe3+ 83. Kc2 Kf3 84. Kd1 Kf2 85.
Kc2 Kf3 86. Kd1 Ke4 87. Kc2 Qf3 88. Kd2 Kd4 89. Kc2 Qf2+ 90. Kb3 Qe3+ 91. Kb4
Qc3+ 92. Kb5 Qc4+ 93. Kb6 Kd3 94. Kb7 Kd4 95. Kb8 Kd5 96. Kb7 Qc5 97. Ka6 Qc6+
98. Ka5 Kc5 {Normal} 1/2-1/2

[Event "Rated Blitz game"]
[Site "?"]
[Date "2021.06.06"]
[Round "?"]
[White "bkara"]
[Black "njkelfxb_11"]
[Result "1-0"]
[WhiteElo "2400"]
[BlackElo "2306"]
[PlyCount "67"]
[EventDate "2021.??.??"]
[EventType "blitz"]

1. e4 e5 2. Nf3 d5 3. Nxe5 dxe4 4. d4 Nd7 5. Qe2 Nxe5 6. Qxe4 Nf6 7. Qxe5+ Be6
8. Bg5 Bd6 9. Bxf6 gxf6 10. Qe3 Qe7 11. Nc3 O-O-O 12. O-O-O Qd7 13. Bd3 Bb4 14.
Be4 Bc4 15. d5 Kb8 16. Qd4 b5 17. b3 c5 18. Qxf6 Qc7 19. bxc4 bxc4 20. Kb1 Rhe8
21. f3 Rd6 22. Qg7 Qa5 23. Ne2 Rb6 24. Ka1 c3 25. Rb1 Ra6 26. Nc1 Qa3 27. d6 c4
28. d7 Rd8 29. Qe5+ Rd6 30. Qb5+ Rb6 31. Qxc4 Qb2+ 32. Rxb2 cxb2+ 33. Kxb2 Bc3+
34. Kxc3 {Time forfeit} 1-0

[Event "Rated Blitz tournament eGkwZ5gt"]
[Site "?"]
[Date "2021.06.06"]
[Round "?"]
[White "GOGOLIS"]
[Black "iskander2007"]
[Result "0-1"]
[WhiteElo "2474"]
[BlackElo "2267"]
[PlyCount "132"]
[EventDate "2021.??.??"]
[EventType "blitz"]

1. e4 e5 2. Nf3 d5 3. d3 dxe4 4. dxe4 Qxd1+ 5. Kxd1 Bg4 6. Be2 Bc5 7. Nfd2 Be6
8. f3 Nc6 9. c3 O-O-O 10. Kc2 f6 11. Nb3 Bb6 12. N1d2 Nge7 13. Nc4 Ng6 14. a4
Nf4 15. Bxf4 exf4 16. a5 Bxc4 17. Bxc4 Be3 18. a6 Ne5 19. axb7+ Kb8 20. Ba6 Rd6
21. Rhd1 Rhd8 22. Rxd6 Rxd6 23. Be2 Kxb7 24. Ra4 g5 25. h3 h5 26. Nd4 Rb6 27.
b4 Rd6 28. Nb3 h4 29. c4 c6 30. c5 Rd8 31. Ra1 Rd7 32. Rd1 Kc7 33. Rxd7+ Nxd7
34. Na5 Nb8 35. Nc4 Bd4 36. Kb3 Nd7 37. Nd6 Be5 38. Nf5 a5 39. Bc4 axb4 40.
Kxb4 Bb2 41. Be6 Ne5 42. Bc4 Bc1 43. Be2 Nd7 44. Nd4 Be3 45. Kc4 Ne5+ 46. Kc3
Nd7 47. Kc4 Bf2 48. Bd1 Be3 49. Ne6+ Kb8 50. Ba4 Ne5+ 51. Kc3 Kb7 52. Nd8+ Kc7
53. Ne6+ Kd7 54. Ng7 Ke7 55. Nf5+ Ke6 56. Bb3+ Kd7 57. Bc4 Bxc5 58. Bb3 Kc7 59.
Bc4 Kb6 60. Bb3 Ka5 61. Bc4 Bb4+ 62. Kb3 c5 63. Nd6 Bd2 64. Nf5 Be3 65. Nd6 Kb6
66. Nf5 Kc6 {Time forfeit} 0-1

[Event "Rated Blitz tournament SFb74dHe"]
[Site "?"]
[Date "2021.06.06"]
[Round "?"]
[White "DrGrakenstein"]
[Black "Turkmentiger2020"]
[Result "1-0"]
[WhiteElo "2210"]
[BlackElo "2576"]
[PlyCount "51"]
[EventDate "2021.??.??"]
[EventType "blitz"]

1. e4 e5 2. Nf3 d5 3. exd5 e4 4. Qe2 Be7 5. Qxe4 Nf6 6. Qa4+ c6 7. dxc6 O-O 8.
cxb7 Bxb7 9. Nc3 Re8 10. Be2 Nc6 11. O-O Bd6 12. d4 h6 13. Bb5 Rc8 14. d5 a6
15. Bxc6 Bxc6 16. dxc6 Bc7 17. Rd1 Qe7 18. Qxa6 Ne4 19. Re1 f5 20. Qa4 Kh8 21.
Nb5 Qc5 22. Nbd4 Rcd8 23. Qb5 Qd6 24. Qxf5 Nf6 25. Ne6 Qd1 26. Bxh6 {Normal}
1-0

[Event "Rated Blitz tournament bc0jPoB1"]
[Site "?"]
[Date "2021.06.06"]
[Round "?"]
[White "Genius_of_the_game"]
[Black "dr_xStranger"]
[Result "1-0"]
[WhiteElo "2319"]
[BlackElo "2548"]
[PlyCount "99"]
[EventDate "2021.??.??"]
[EventType "blitz"]

1. e4 e5 2. Nf3 d5 3. Nc3 dxe4 4. Nxe4 Nc6 5. Bb5 Bd7 6. O-O Nf6 7. Re1 Nxe4 8.
Rxe4 Bd6 9. d4 O-O 10. Bg5 f6 11. dxe5 Nxe5 12. Nxe5 Bxb5 13. Qd5+ Kh8 14. Qxb5
fxg5 15. Rae1 Qf6 16. Nf3 Bf4 17. Qxb7 g4 18. Qxa8 Rxa8 19. Re8+ Qf8 20. Rxf8+
Rxf8 21. Ne5 Kg8 22. Nxg4 Rd8 23. g3 Bg5 24. Re2 h5 25. Ne5 Bf6 26. Nd3 Rd5 27.
Re8+ Kf7 28. Rc8 c5 29. b3 Bd4 30. Rc7+ Kg8 31. Rxa7 Rf5 32. Rb7 Kh7 33. a4 Rg5
34. a5 c4 35. bxc4 Rxa5 36. Rd7 Bf6 37. Rd5 Ra1+ 38. Kg2 g6 39. c5 Ra2 40. Nb4
Rb2 41. Rd7+ Kh6 42. Nd5 Bd4 43. c6 Rxc2 44. c7 Rxf2+ 45. Kh3 Rc2 46. Ne7 g5
47. Rd6+ Kg7 48. c8=Q g4+ 49. Kh4 Bf6+ 50. Kxh5 {Normal} 1-0

[Event "Rated Blitz tournament eGkwZ5gt"]
[Site "?"]
[Date "2021.06.06"]
[Round "?"]
[White "Spartiatis28"]
[Black "iskander2007"]
[Result "1-0"]
[WhiteElo "2492"]
[BlackElo "2242"]
[PlyCount "153"]
[EventDate "2021.??.??"]
[EventType "blitz"]

1. e4 e5 2. Nf3 d5 3. d3 dxe4 4. dxe4 Qxd1+ 5. Kxd1 Bg4 6. Nbd2 Bc5 7. h3 Bxf3+
8. Nxf3 f6 9. Ke2 Nc6 10. c3 O-O-O 11. Be3 Bb6 12. Bxb6 axb6 13. Ke3 Nge7 14.
Bc4 Ng6 15. g3 Na5 16. Bd5 Ne7 17. Be6+ Kb8 18. Rad1 Rd6 19. Rxd6 cxd6 20. Rd1
Kc7 21. Nd2 Rd8 22. b4 Nac6 23. Nc4 b5 24. Na3 Kb6 25. Nc2 g6 26. Bb3 f5 27. f4
fxe4 28. Kxe4 exf4 29. Kxf4 Rf8+ 30. Ke3 Kc7 31. g4 g5 32. h4 Rf4 33. hxg5 Rxg4
34. Rh1 Rxg5 35. Rxh7 Rg3+ 36. Kd2 Kb6 37. a4 bxa4 38. Bxa4 Ng6 39. Rg7 Rg2+
40. Kc1 Nf4 41. Rxg2 Nxg2 42. Kd2 Nf4 43. Ne3 Ne5 44. c4 Nf3+ 45. Kc3 Kc7 46.
Bd1 Ne5 47. Kd4 b6 48. Ke4 Ne6 49. Nd5+ Kb7 50. Be2 Ng5+ 51. Kf5 Ngf3 52. Ke6
Nd4+ 53. Kxd6 Nf7+ 54. Ke7 Ne5 55. Bf1 b5 56. c5 Nec6+ 57. Kd6 Nf5+ 58. Ke6 Ng3
59. Bd3 Nd4+ 60. Ke5 Nf3+ 61. Kf4 Ne1 62. Bxb5 Nh5+ 63. Ke5 Nc2 64. c6+ Kb8 65.
c7+ Kb7 66. Ba6+ Kxa6 67. c8=Q+ Kb5 68. Qxc2 Ng3 69. Qd3+ Kc6 70. Qxg3 Kb5 71.
Nc3+ Kc4 72. Ne4 Kxb4 73. Qc3+ Kb5 74. Kd5 Ka4 75. Qb2 Ka5 76. Kc5 Ka6 77. Qb6#
{Normal} 1-0

[Event "Rated Blitz tournament bc0jPoB1"]
[Site "?"]
[Date "2021.06.06"]
[Round "?"]
[White "Genius_of_the_game"]
[Black "dr_xStranger"]
[Result "1/2-1/2"]
[WhiteElo "2288"]
[BlackElo "2533"]
[PlyCount "120"]
[EventDate "2021.??.??"]
[EventType "blitz"]

1. e4 e5 2. Nf3 d5 3. Nc3 dxe4 4. Nxe4 Nc6 5. Bb5 Bd7 6. O-O Nf6 7. Re1 Nxe4 8.
Rxe4 Bd6 9. d4 O-O 10. dxe5 Nxe5 11. Bxd7 Nxd7 12. Bf4 Nf6 13. Rc4 Bxf4 14.
Rxf4 Re8 15. Rd4 Qe7 16. h3 Qc5 17. Qd3 h6 18. Rd1 c6 19. Qc4 Qb6 20. Qb3 Qc7
21. Qd3 Re7 22. Rd8+ Rxd8 23. Qxd8+ Qxd8 24. Rxd8+ Kh7 25. Kf1 Nd5 26. Nd4 c5
27. Rxd5 cxd4 28. Rxd4 Rc7 29. c3 Kg6 30. Ke2 Kf5 31. Kd3 Ke5 32. b4 f5 33. f4+
Ke6 34. c4 g5 35. c5 gxf4 36. Rxf4 Ke5 37. Rh4 Rd7+ 38. Kc4 Rd2 39. Rxh6 Rxg2
40. Rh7 Rc2+ 41. Kb5 b6 42. Rxa7 bxc5 43. bxc5 Kd5 44. Rd7+ Ke6 45. Rd8 Rxa2
46. c6 Rc2 47. Kb6 Rb2+ 48. Kc7 f4 49. Rf8 Ke5 50. Kd7 Rd2+ 51. Kc8 Rd3 52. c7
Rxh3 53. Kd7 Rd3+ 54. Ke7 Rc3 55. c8=Q Rxc8 56. Rxc8 f3 57. Rf8 Ke4 58. Ke6 Ke3
59. Ke5 f2 60. Rxf2 Kxf2 {Normal} 1/2-1/2

[Event "Rated Blitz game"]
[Site "?"]
[Date "2021.06.06"]
[Round "?"]
[White "daniss_kabBandung"]
[Black "dr_xStranger"]
[Result "0-1"]
[WhiteElo "2239"]
[BlackElo "2514"]
[PlyCount "42"]
[EventDate "2021.??.??"]
[EventType "blitz"]

1. e4 e5 2. Nf3 d5 3. Nxe5 Bd6 4. Nxf7 Kxf7 5. Qh5+ Kf8 6. Qxd5 Nf6 7. Qd3 Kf7
8. f3 Re8 9. Qb3+ Be6 10. c4 Nc6 11. d3 Nd4 12. Qd1 Nh5 13. g3 Kg8 14. f4 Nf6
15. Bg2 Bg4 16. Qd2 Nf3+ 17. Bxf3 Bxf3 18. O-O Bc5+ 19. Rf2 Ng4 20. d4 Bxd4 21.
h3 Bxf2+ {Normal} 0-1

[Event "Rated Blitz game"]
[Site "?"]
[Date "2021.06.06"]
[Round "?"]
[White "GoropadniPoni"]
[Black "Junior072001"]
[Result "0-1"]
[WhiteElo "2420"]
[BlackElo "2252"]
[PlyCount "142"]
[EventDate "2021.??.??"]
[EventType "blitz"]

1. e4 e5 2. Nf3 d5 3. exd5 e4 4. Nd4 Qxd5 5. Nb3 Nf6 6. Nc3 Qe6 7. Qe2 a6 8. d3
exd3 9. Qxe6+ Bxe6 10. Bxd3 Nc6 11. O-O O-O-O 12. Bg5 Nb4 13. Bxf6 gxf6 14. Be4
f5 15. Bf3 Nxc2 16. Rad1 Bg7 17. Na5 c6 18. Na4 Nd4 19. Bh5 Nb5 20. Nc5 Nd6 21.
Rfe1 Bxa2 22. Re7 Bf6 23. Re3 Bd5 24. Na4 Nc4 25. Nxc4 Bxc4 26. Nb6+ Kc7 27.
Nxc4 Rxd1+ 28. Bxd1 Rd8 29. Be2 b5 30. Ne5 Bxe5 31. Rxe5 Rd2 32. b3 Rb2 33. f4
Rxb3 34. Rxf5 a5 35. Rxf7+ Kb6 36. f5 a4 37. f6 a3 38. Rf8 a2 39. Ra8 Rb1+ 40.
Kf2 a1=Q 41. Rxa1 Rxa1 42. g4 h6 43. h4 b4 44. g5 hxg5 45. hxg5 Ra5 46. Bg4
Rxg5 47. f7 Rxg4 48. f8=Q Rc4 49. Qb8+ Kc5 50. Qa7+ Kd5 51. Qd7+ Kc5 52. Qe7+
Kb5 53. Qe6 c5 54. Qd7+ Ka5 55. Qc7+ Ka4 56. Qb7 Kb3 57. Qa7 Rc2+ 58. Kf3 Rc3+
59. Kf4 Rc2 60. Ke5 Rc4 61. Qxc5 Rc3 62. Qc4+ Rxc4 63. Ke6 Kc3 64. Ke7 b3 65.
Kf6 b2 66. Ke6 b1=Q 67. Kd6 Qb4+ 68. Ke6 Rc5 69. Kf7 Qb6 70. Kg8 Rc7 71. Kh8
Qb8# {Normal} 0-1

[Event "Rated Blitz tournament M6RrWl40"]
[Site "?"]
[Date "2021.06.06"]
[Round "?"]
[White "monalize"]
[Black "VVV-31"]
[Result "1-0"]
[WhiteElo "2444"]
[BlackElo "2286"]
[PlyCount "133"]
[EventDate "2021.??.??"]
[EventType "blitz"]

1. e4 e5 2. Nf3 d5 3. exd5 Bd6 4. d4 e4 5. Ne5 Nf6 6. c4 c5 7. dxc6 Nxc6 8.
Nxc6 bxc6 9. Be2 O-O 10. Nc3 h6 11. Be3 Bf5 12. Qd2 Re8 13. h3 Rb8 14. b3 Bb4
15. a3 Qa5 16. axb4 Qxa1+ 17. Nd1 a5 18. bxa5 Rxb3 19. O-O Qa3 20. Bxh6 e3 21.
Bxe3 Ne4 22. Qe1 Rb1 23. g4 Bg6 24. Kg2 Ra1 25. h4 Qxa5 26. Qxa5 Rxa5 27. h5
Bh7 28. Bf3 g6 29. Nb2 gxh5 30. gxh5 f5 31. Nd3 Kg7 32. Nf4 Kf6 33. Rb1 Rg8+
34. Kh2 Ra2 35. Nh3 Nxf2 36. Bxf2 f4 37. Rg1 Rxg1 38. Kxg1 Bf5 39. Nxf4 Kg5 40.
Ne2 Bg4 41. Be3+ Kxh5 42. Bxg4+ Kxg4 43. Kf2 Kf5 44. Kf3 Ra3 45. Ng3+ Ke6 46.
Ne4 Kd7 47. Nc5+ Kd6 48. Ke4 Kc7 49. Bf4+ Kb6 50. Nd7+ Kb7 51. Bd6 Ra1 52. Bc5
Kc7 53. Ne5 Re1+ 54. Kf5 Rh1 55. Be7 Rh5+ 56. Ke6 Rh6+ 57. Bf6 Kb6 58. Nd7+ Kc7
59. Ne5 Kb6 60. d5 cxd5 61. cxd5 Kc5 62. Nd7+ Kc4 63. d6 Kb5 64. Ne5 Kb6 65. d7
Rxf6+ 66. Kxf6 Kc7 67. Ke7 {Normal} 1-0

[Event "Rated Blitz game"]
[Site "?"]
[Date "2021.06.06"]
[Round "?"]
[White "Partisiano"]
[Black "ibrahim_karpove2711"]
[Result "1-0"]
[WhiteElo "2494"]
[BlackElo "2335"]
[PlyCount "93"]
[EventDate "2021.??.??"]
[EventType "blitz"]

1. e4 e5 2. Nf3 d5 3. Nxe5 Bd6 4. d4 dxe4 5. Bc4 Bxe5 6. Qh5 Qe7 7. dxe5 Nc6 8.
Bg5 Qb4+ 9. Nd2 g6 10. Qh4 Nxe5 11. O-O-O h6 12. Nxe4 Bd7 13. Bf6 Qxc4 14. Bxh8
g5 15. Qg3 Qxe4 16. Rhe1 Qf4+ 17. Qxf4 gxf4 18. Rxe5+ Be6 19. Rd4 Ke7 20. Rxf4
Rd8 21. Re1 Rd5 22. Be5 c6 23. a3 h5 24. h3 Nh6 25. Bf6+ Ke8 26. Rd1 Rxd1+ 27.
Kxd1 Nf5 28. Kd2 Kd7 29. g4 hxg4 30. hxg4 Nd6 31. g5 Ne8 32. Bc3 Kc7 33. Rd4
Kb6 34. f4 Nc7 35. Rd6 Nd5 36. Be5 Kc5 37. b3 b5 38. c3 a5 39. Kd3 a4 40. b4+
Kb6 41. Kd4 Kb7 42. Kc5 Nb6 43. g6 Ba2 44. g7 f6 45. Rxf6 Nd5 46. Rf7+ Kc8 47.
g8=Q# {Normal} 1-0

[Event "Rated Blitz tournament HLsFo5A5"]
[Site "?"]
[Date "2021.06.06"]
[Round "?"]
[White "VladimirKruglikov"]
[Black "Korshun_2022"]
[Result "1-0"]
[WhiteElo "2333"]
[BlackElo "2434"]
[PlyCount "93"]
[EventDate "2021.??.??"]
[EventType "blitz"]

1. e4 e5 2. Nf3 d5 3. d4 dxe4 4. Nxe5 Bd6 5. Nc3 Nf6 6. Bc4 O-O 7. O-O Nbd7 8.
Nxd7 Bxd7 9. Bg5 h6 10. Bxf6 Qxf6 11. Nxe4 Bxh2+ 12. Kxh2 Qh4+ 13. Kg1 Qxe4 14.
Bd3 Qf4 15. c3 b6 16. Re1 a5 17. Re4 Qf6 18. Qd2 Rae8 19. Rae1 Rxe4 20. Rxe4
Re8 21. Rxe8+ Bxe8 22. Qe3 Kf8 23. Be4 Qe6 24. b3 Ke7 25. c4 Kf8 26. d5 Qe5 27.
Qe2 f5 28. Bd3 Qxe2 29. Bxe2 f4 30. Bg4 Ke7 31. Kf1 Kd6 32. Ke2 Ke5 33. Kd3
Bg6+ 34. Kc3 Be4 35. f3 Bb1 36. a3 g5 37. Bh5 Bf5 38. b4 Bd7 39. Bf7 Ba4 40. c5
Bb5 41. d6 cxd6 42. cxb6 axb4+ 43. Kxb4 Bc6 44. Be8 Bb7 45. Kb5 g4 46. Bc6 Bc8
47. fxg4 {Normal} 1-0

[Event "Rated Blitz tournament VN2MFG8Z"]
[Site "?"]
[Date "2021.06.06"]
[Round "?"]
[White "melonmaster"]
[Black "Killerrhino"]
[Result "0-1"]
[WhiteElo "2448"]
[BlackElo "2361"]
[PlyCount "154"]
[EventDate "2021.??.??"]
[EventType "blitz"]

1. e4 e5 2. Nf3 d5 3. exd5 e4 4. Nd4 Qxd5 5. Nb3 Bf5 6. Nc3 Qe5 7. d4 exd3+ 8.
Be3 dxc2 9. Qf3 Nc6 10. Bb5 Nge7 11. O-O O-O-O 12. Bf4 Qf6 13. Qg3 Rd7 14. Nc5
g5 15. Nxd7 Bxd7 16. Bxg5 Qg6 17. Bf4 Qxg3 18. hxg3 Bg7 19. Rac1 Ng6 20. Ba4
Nxf4 21. gxf4 Nd4 22. Bxc2 Bc6 23. Rfe1 Bh6 24. Ne2 Nxe2+ 25. Rxe2 Bxf4 26. Rd1
Bd6 27. Be4 Bb5 28. Rc2 Kb8 29. b3 h5 30. a4 Bd7 31. Bd5 f6 32. Re2 a5 33. Rde1
Ka7 34. f3 h4 35. Kf1 b5 36. axb5 Bxb5 37. Bc4 Bc6 38. Ra2 Bb4 39. Re6 Kb7 40.
Rxf6 h3 41. gxh3 Rxh3 42. Kg2 Rh8 43. Rc2 Rh7 44. Ba6+ Kxa6 45. Rfxc6+ Kb7 46.
Kf2 Rh2+ 47. Kg3 Rh1 48. f4 Bd6 49. R6c3 Rb1 50. Kf3 Kb6 51. Ke4 Rf1 52. Rf3
Re1+ 53. Kf5 Kb5 54. Kg6 Kb4 55. f5 Rb1 56. f6 Rxb3 57. Rxb3+ Kxb3 58. f7 Kxc2
59. Kf6 a4 60. Ke6 a3 61. Kd5 a2 62. f8=Q Bxf8 63. Kc6 Bd6 64. Kd7 a1=Q 65. Kc8
Qd1 66. Kd7 c5 67. Kc6 c4 68. Kb5 c3 69. Ka4 Kd3+ 70. Kb5 c2 71. Kc6 c1=Q+ 72.
Kd5 Ke2+ 73. Ke6 Qe3+ 74. Kf5 Bb4 75. Kg6 Qf1 76. Kh5 Qg3 77. Kh6 Qh1# {Normal}
0-1

[Event "Rated Rapid game"]
[Site "?"]
[Date "2021.06.06"]
[Round "?"]
[White "dirtychesstricks"]
[Black "Phdchess50"]
[Result "0-1"]
[WhiteElo "2306"]
[BlackElo "2402"]
[PlyCount "29"]
[EventDate "2021.??.??"]
[EventType "rapid"]

1. e4 e5 2. Nf3 d5 3. Nxe5 Bd6 4. Nf3 dxe4 5. Nd4 Bxh2 6. Qh5 Qxd4 7. Qxh2 Qc5
8. Nc3 Nf6 9. Qf4 O-O 10. d3 Bf5 11. Be3 Qb4 12. Qxf5 Qxb2 13. Bd4 Qxa1+ 14.
Kd2 Nbd7 15. Be2 {Normal} 0-1

[Event "Rated Blitz game"]
[Site "?"]
[Date "2021.06.06"]
[Round "?"]
[White "luffy77"]
[Black "ibrahim_karpove2711"]
[Result "1-0"]
[WhiteElo "2446"]
[BlackElo "2330"]
[PlyCount "69"]
[EventDate "2021.??.??"]
[EventType "blitz"]

1. e4 e5 2. Nf3 d5 3. exd5 e4 4. Qe2 f5 5. d3 Nf6 6. Nc3 Bb4 7. Bd2 Bxc3 8.
Bxc3 O-O 9. Nd4 Qxd5 10. dxe4 Qxe4 11. O-O-O Qxe2 12. Bxe2 c5 13. Bc4+ Kh8 14.
Nb5 Na6 15. Nd6 h6 16. Nf7+ Kh7 17. Bxf6 gxf6 18. Nd6 Rb8 19. Rhe1 Kg6 20. h4
h5 21. Re7 Nb4 22. Rc7 a6 23. a3 Nc6 24. f4 Na5 25. Bd5 Nc6 26. Rd3 Nd4 27.
Rg3+ Kh6 28. Rgg7 Rh8 29. Rge7 Be6 30. Bxe6 Rbf8 31. Nf7+ Rxf7 32. Bxf7 b5 33.
c3 Nb3+ 34. Bxb3 c4 35. Bc2 {Normal} 1-0

[Event "Rated Blitz tournament eGkwZ5gt"]
[Site "?"]
[Date "2021.06.06"]
[Round "?"]
[White "adamak123"]
[Black "iskander2007"]
[Result "1-0"]
[WhiteElo "2480"]
[BlackElo "2227"]
[PlyCount "149"]
[EventDate "2021.??.??"]
[EventType "blitz"]

1. e4 e5 2. Nf3 d5 3. Nxe5 Qe7 4. d4 f6 5. Nd3 Nc6 6. c3 Bf5 7. Be3 Bxe4 8. Nd2
Qf7 9. Qb3 Bxd3 10. Bxd3 O-O-O 11. a4 Bd6 12. a5 a6 13. Qa4 Nge7 14. b4 Qh5 15.
b5 axb5 16. Qxb5 Rhe8 17. a6 bxa6 18. Qxa6+ Kd7 19. Be2 Qg6 20. O-O h5 21. Qd3
Qxd3 22. Bxd3 g6 23. Rfe1 h4 24. c4 dxc4 25. Nxc4 f5 26. Bg5 Ra8 27. Rac1 h3
28. Ne5+ Bxe5 29. dxe5 Reb8 30. Red1 Ke6 31. Bc4+ Kxe5 32. Re1+ Kd4 33. Bxe7
Nxe7 34. Rxe7 Re8 35. Rd7+ Ke5 36. Re1+ Kf6 37. Rxe8 Rxe8 38. Rxc7 Re1+ 39. Bf1
hxg2 40. Kxg2 g5 41. Rc6+ Ke5 42. Bd3 f4 43. Rc5+ Kd4 44. Rxg5 Kxd3 45. h4 Re8
46. Kf3 Rh8 47. h5 Rf8 48. Rg4 Kd2 49. Rxf4 Rh8 50. Rh4 Rf8+ 51. Kg3 Ke2 52. f4
Ke3 53. h6 Ke4 54. h7 Rh8 55. Kg4 Kd5 56. Kg5 Ke6 57. Kg6 Rf8 58. Kg7 Rf7+ 59.
Kg8 Ra7 60. h8=Q Ra8+ 61. Kh7 Rxh8+ 62. Kxh8 Kf5 63. Kg7 Ke6 64. Kg6 Ke7 65. f5
Kf8 66. f6 Ke8 67. f7+ Kd7 68. f8=Q Ke6 69. Qf5+ Kd6 70. Rd4+ Kc6 71. Qd5+ Kc7
72. Re4 Kb6 73. Re6+ Ka7 74. Qd7+ Kb8 75. Re8# {Normal} 1-0

[Event "Rated Blitz game"]
[Site "?"]
[Date "2021.06.06"]
[Round "?"]
[White "ruskayazvezda"]
[Black "blastol"]
[Result "0-1"]
[WhiteElo "2407"]
[BlackElo "2364"]
[PlyCount "74"]
[EventDate "2021.??.??"]
[EventType "blitz"]

1. e4 e5 2. Nf3 d5 3. Nxe5 Bd6 4. d4 dxe4 5. Bc4 Bxe5 6. Qh5 Qe7 7. dxe5 Be6 8.
Bxe6 Qxe6 9. Nc3 Qc4 10. Be3 Ne7 11. O-O-O Nbc6 12. Bg5 Ng6 13. Rhe1 O-O 14.
Rxe4 Qa6 15. Ra4 Qb6 16. Be3 Nd4 17. Bxd4 Qc6 18. Qf3 Qe6 19. Nd5 Rfc8 20. Nf4
Nxf4 21. Qxf4 c5 22. Bc3 b5 23. Re4 Qxa2 24. Rd7 b4 25. e6 Qa1+ 26. Kd2 bxc3+
27. bxc3 Rf8 28. exf7+ Kh8 29. Qd6 Qf1 30. Qxf8+ Rxf8 31. Re8 Qxf2+ 32. Kc1
Qf1+ 33. Kb2 Qxf7 34. Rxf7 Rxe8 35. Rxa7 Rb8+ 36. Kc1 Rc8 37. Rc7 Rxc7 {Normal}
0-1

[Event "Rated Blitz game"]
[Site "?"]
[Date "2021.06.06"]
[Round "?"]
[White "igrochishka1024"]
[Black "KamranShirazi"]
[Result "0-1"]
[WhiteElo "2389"]
[BlackElo "2547"]
[PlyCount "54"]
[EventDate "2021.??.??"]
[EventType "blitz"]

1. e4 e5 2. Nf3 d5 3. exd5 e4 4. Nd4 Qxd5 5. Nb3 Bd6 6. Nc3 Qe5 7. Qe2 Bf5 8.
Qb5+ Qxb5 9. Nxb5 Be5 10. d4 exd3 11. f4 a6 12. fxe5 axb5 13. cxd3 Nc6 14. d4
Nb4 15. Kf2 c6 16. Bd2 Nc2 17. Rc1 Rxa2 18. Na5 Rxb2 19. Nxb7 Nxd4 20. Ke3 Ne7
21. Bc3 Nc2+ 22. Kf3 Rb3 23. Nd6+ Kd7 24. Nxf5 Rxc3+ 25. Bd3 Nxf5 26. Rhd1
Nfd4+ 27. Ke4 Kc7 {Normal} 0-1

[Event "Rated Blitz game"]
[Site "?"]
[Date "2021.06.06"]
[Round "?"]
[White "Rapidchessyoutube"]
[Black "khalid_ontawar"]
[Result "1-0"]
[WhiteElo "2406"]
[BlackElo "2427"]
[PlyCount "139"]
[EventDate "2021.??.??"]
[EventType "blitz"]

1. e4 e5 2. Nf3 d5 3. d4 dxe4 4. Nxe5 Nf6 5. Bc4 Be6 6. Bxe6 fxe6 7. O-O Nbd7
8. Qe2 Bd6 9. Nc3 Nxe5 10. dxe5 Bxe5 11. Nxe4 O-O 12. Nc5 Bxh2+ 13. Kxh2 Qd6+
14. Kg1 Qxc5 15. Qxe6+ Kh8 16. c3 Rae8 17. Qh3 Qc4 18. Be3 Ng4 19. Rae1 Nxe3
20. Rxe3 Rxe3 21. Qxe3 Qxa2 22. Qe7 Qf7 23. Re1 Kg8 24. Qxf7+ Rxf7 25. Re8+ Rf8
26. Re7 Rc8 27. f4 Kf8 28. Rd7 a5 29. Kf2 b5 30. Kf3 c5 31. g4 b4 32. Ra7 bxc3
33. bxc3 Rd8 34. Ke4 c4 35. Rxa5 Rd3 36. Ra3 h6 37. Ke5 Kf7 38. f5 Kg8 39. f6
gxf6+ 40. Kxf6 Rf3+ 41. Kg6 Kf8 42. Kxh6 Kf7 43. Kg5 Ke6 44. Kh5 Ke5 45. g5
Rh3+ 46. Kg6 Rh1 47. Kg7 Rg1 48. g6 Kf5 49. Ra5+ Ke4 50. Kf7 Rf1+ 51. Kg8 Rf3
52. Ra3 Rg3 53. g7 Kd3 54. Ra8 Kxc3 55. Ra3+ Kd2 56. Rxg3 c3 57. Rxc3 Kxc3 58.
Kf7 Kd4 59. g8=Q Ke4 60. Qe8+ Kf5 61. Qe6+ Kf4 62. Qd5 Ke3 63. Qc4 Kd2 64. Qb3
Kc1 65. Qa2 Kd1 66. Ke6 Ke1 67. Ke5 Kd1 68. Ke4 Kc1 69. Kd3 Kd1 70. Qa1# {
Normal} 1-0

[Event "Rated Blitz tournament bc0jPoB1"]
[Site "?"]
[Date "2021.06.06"]
[Round "?"]
[White "June31"]
[Black "dr_xStranger"]
[Result "0-1"]
[WhiteElo "2747"]
[BlackElo "2533"]
[PlyCount "56"]
[EventDate "2021.??.??"]
[EventType "blitz"]

1. e4 e5 2. Nf3 d5 3. exd5 e4 4. Qe2 Nf6 5. d3 Bb4+ 6. Bd2 O-O 7. Bxb4 exf3 8.
Qxf3 Re8+ 9. Kd2 Nxd5 10. c3 Nxb4 11. cxb4 Qg5+ 12. Kc2 Nc6 13. Qg3 Nxb4+ 14.
Kd1 Qh5+ 15. f3 Bf5 16. Nc3 Nxd3 17. Bxd3 Bxd3 18. h4 Rad8 19. Kc1 Qh6+ 20. Qg5
Qb6 21. Rd1 h6 22. Qf4 Bh7 23. Rxd8 Rxd8 24. b3 Qf2 25. Ne4 Bxe4 26. Qxe4 Qd2+
27. Kb1 Qxg2 28. Qc2 Rd2 {Normal} 0-1